| 000 | 00711nam a22002177a 4500 | ||
|---|---|---|---|
| 003 | UA-OsUOA | ||
| 001 | 85066 | ||
| 007 | ta | ||
| 008 | 20120615b un ||||| |||| 00| 0 ukr d | ||
| 090 |
_a26/28 _bЗ-41 |
||
| 942 | _cBK | ||
| 040 |
_aUA-OsUOA _bukr _cUA-OsUOA _dUA-OsUOA |
||
| 245 |
_aЗбірник матеріялів з нагоди ювілейних святкувань у 50-ліття Української Греко-Православної Церкви в Канаді _b1918 - 1968 |
||
| 300 | _a330 с. | ||
| 955 | _a1 | ||
| 041 | _aukr | ||
| 080 | _a26/28 | ||
| 260 |
_aВінніпег _c1968 |
||
| 650 | 7 |
_a26 Християнська Церква загалом _2UDC |
|
| 999 |
_c371384 _d371384 |
||